00321nam a2200121Ia 4500008004100000041000800041082001200049100001400061245004500075260003800120300003400158365000700192240624s9999 xx 000 0 und d aeng a828 SIN aSINHA K K aMY EXPERIMENTS WITH UNLEASHING PEOPLE PO c2014aNew DelhibBloomsbury India axxviii, : 264 : p. : cm. ; 24 cRS